Gaming Quiz

Random Gaming or Video Games Quiz

Best Selling Videogames in Japan Quiz Stats

 Plays Quiz not verified by Sporcle

Score 0/49 Timer 07:00
0 Plays Today
Game System (U.S. version) Game Title % Correct
Game BoyPokemon Red/Blue/Green/Yellow
81.4%
Famicom (NES)Super Mario Bros.
74.9%
Game BoyPokemon Gold/Silver
70.7%
PSXFinal Fantasy VII
63.7%
PSXFinal Fantasy VIII
62.3%
Playstation 2Final Fantasy X
61.4%
PSXFinal Fantasy IX
60.5%
Super Famicom (SNES)Final Fantasy VI
60%
Super Famicom (SNES)Final Fantasy V
58.6%
Playstation 2Final Fantasy XII
56.7%
Game Boy AdvancePokemon Ruby/Sapphire
51.6%
Nintendo DSPokemon Diamond/Pearl
49.3%
Famicom (NES)Super Mario Bros. 3
47%
Game BoyTetris
45.6%
Super Famicom (SNES)Super Mario World
43.7%
WiiWii Sports
43.7%
Famicon (NES)Super Mario Bros. 2
40.9%
Nintendo DSNew Super Mario Bros.
29.8%
Famicom (NES)Dragon Quest IV
27.9%
Famicom (NES)Dragon Quest III
27.4%
Super Famicom (SNES)Dragon Quest V
27.4%
Famicom (NES)Dragon Quest II
27.4%
PSXDragon Quest VII
27%
Super Famicom (SNES)Super Mario Kart
27%
Game BoySuper Mario Land
26.5%
Game System (U.S. version) Game Title % Correct
Nintendo DSDragon Quest IX
26%
Playstation 2Dragon Quest VIII: Journey of the Cursed King
26%
WiiWii Fit
25.1%
Game Boy AdvancePokemon Fire Red/Leaf Green
21.4%
Super Famicom (SNES)Dragon Quest VI: Land of Illusion/Realms of Reverie
19.5%
WiiWii Play
19.5%
Nintendo DSPokemon Platinum
19.1%
Super Famicom (SNES)Street Fighter 2
18.6%
PSXGran Turismo
18.6%
Nintendo DSMario Kart DS
18.1%
Game BoySuper Mario Land 2
17.7%
WiiMario Kart Wii
17.7%
PSXResident Evil 2
15.8%
Nintendo DSAnimal Crossing
15.3%
PSPMonster Hunter Portable 2nd G
14.9%
Super Famicom (SNES)Donkey Kong Country
12.1%
Super Famicom (SNES)Donkey Kong Country 2
9.8%
Nintendo DSBrain Age
7.9%
Nintendo DSBrain Age 2
5.1%
Famicom (NES)Baseball
2.8%
Famicom (NES)Mah-Jong
2.3%
Famicon (NES)Golf
1.9%
Game BoyYu-Gi-Oh! Duel Monsters 4
0.5%
Nintendo DSEnglish Training
0.5%

You're not logged in!

Compare scores with friends on all Sporcle quizzes.
OR
Log In

Show Comments

Extras

Top Quizzes Today


Score Distribution

Your Account Isn't Verified!

In order to create a playlist on Sporcle, you need to verify the email address you used during registration. Go to your Sporcle Settings to finish the process.

Report this User

Report this user for behavior that violates our Community Guidelines.

Details: